|
|
|
|
| LEADER |
01462nam a22003492a 4500 |
| 001 |
001713881 |
| 003 |
CZ BrMZK |
| 005 |
20200930095227.0 |
| 007 |
ta |
| 008 |
191025s1923 xr er|||||||||||cze d |
| 015 |
|
|
|a cnb000564703
|
| 020 |
|
|
|q (Brož.)
|
| 035 |
|
|
|a (OCoLC)85474294
|
| 040 |
|
|
|a ABA001
|b cze
|c CBA001
|d ABA001
|d BOA001
|e aacr2
|
| 041 |
1 |
|
|a cze
|h ita
|
| 100 |
1 |
|
|a Cardarelli, Vincenzo,
|d 1887-1959
|7 jn20010601142
|4 aut
|
| 245 |
1 |
0 |
|a Potopa :
|b [... prospekt k autorisovanému překladu "Biblických Mythů" od básníka Cardarelliho ...] /
|c z vlaštiny přeložil Jaroslav Skalický
|
| 260 |
|
|
|a Ve Staré Říši na Moravě :
|b Marta Florianová,
|c 1923
|e (ve Velkém Meziříčí :
|f Jan Mucha])
|
| 300 |
|
|
|a xxiii, 35 s. :
|b obr. příl. ;
|c 8°
|
| 490 |
1 |
|
|a [Dobré dílo ;
|v sv. 79]
|
| 500 |
|
|
|a Bibliofilie
|
| 500 |
|
|
|a Sáňka 773
|
| 500 |
|
|
|a Dostupné též v digitální podobě v aplikaci Kramerius
|
| 700 |
1 |
|
|a Skalický, Jaroslav,
|d 1867-1947
|7 jk01111457
|4 trl
|
| 830 |
|
0 |
|a Dobré dílo
|0 s
|
| 856 |
4 |
1 |
|u http://www.digitalniknihovna.cz/mzk/uuid/uuid:4862d4f0-8911-11ee-84d4-5ef3fc9bb22f
|y Digitalizovaný dokument
|x NDK
|
| 910 |
|
|
|a BOA001
|b 1-0141.653
|b OB1-0685.917
|
| 990 |
|
|
|a BK
|
| 993 |
|
|
|a Y
|
| 991 |
|
|
|b 201910
|
| 996 |
6 |
|
|b 2618837899
|c OB1-0685.917
|l MZK
|r Sklad / do 24 hodin
|n 3
|w 001764060
|u 000020
|a 1
|e BOA001
|j MZK50
|s P
|
| 996 |
6 |
|
|b 2618962327
|c 1-0141.653
|l MZK
|r Sklad / do 1 hodiny
|n 3
|w 001764060
|u 000010
|a 1
|e BOA001
|j MZK50
|s P
|